| 000 | 00578nam a2200181Ia 4500 | ||
|---|---|---|---|
| 003 | GCL | ||
| 008 | 140319s9999 xx 000 0 ara d | ||
| 040 |
_aGCL / _cGCL |
||
| 082 | 0 | 4 |
_a210 _bن ب |
| 100 | 1 | _aابن نجيم المصرى، زين العابدين | |
| 245 | 1 | 0 |
_aالبحر الرائق: شرح كنز الدقائق / _cابن نجيم المصرى، زين العابدين |
| 300 | _aمتعدد | ||
| 490 | _a | ||
| 650 | 0 | 4 | _aالاسلام |
| 650 | 0 | 4 | _aالعقائد الاسلامية |
| 650 | 0 | 4 | _aالتاريخ الاسلامى |
| 942 |
_2ddc _cBK |
||
| 999 |
_c38581 _d38581 |
||